00409nam a2200133Ia 4500100001000000650001600010942000700026654002700033245004100060260002300101546001200124999001700136952012200153 aNone  aDraughtsman cBK aDraughtsman mechanical aDraughtsman mechanical with syllabus bNew HeightsaDelhi aENGLISH c23377d23377 001040708AFTaCRCEbCRCEc1427 | 14d2023-03-17eUBSg6.25iT-933l0o pAFT2507r2023-03-17v6.25w2023-03-17yBK